[Event "Asian-ch Amateur"]
[Site "Isfahan"]
[Date "2016.11.18"]
[Round "9.2"]
[White "Shafaee, H."]
[Black "Torkan, Mohsen"]
[Result "1/2-1/2"]
[WhiteElo "2048"]
[BlackElo "2092"]
[PlyCount "106"]
[EventDate "2016.11.12"]
[EventType "swiss"]
[EventRounds "9"]
[EventCountry "IRI"]
[SourceTitle "EXT 2024"]
[Source "ChessBase"]
[SourceDate "2023.10.10"]
[SourceVersion "1"]
[SourceVersionDate "2023.10.10"]
[SourceQuality "1"]

1. Nf3 d5 2. c4 c6 3. d4 Nf6 4. cxd5 cxd5 5. Nc3 Nc6 6. Bf4 Bf5 7. e3 e6 8. Bb5 Be7 9. Ne5 Qb6 10. 0-0 0-0 11. Bxc6 bxc6 12. Na4 Qb7 13. Rc1 Rfc8 14. h3 Qb5 15. Qb3 Ne4 16. Nxc6 Qxb3 17. axb3 Bf8 18. Rfd1 g5 19. Bh2 f6 20. b4 Nd6 21. Bxd6 Bxd6 22. b5 Rc7 23. Nc5 Bxc5 24. Rxc5 Kf8 25. Ra1 Rb7 26. Ra3 h5 27. f3 g4 28. hxg4 hxg4 29. Kf2 gxf3 30. gxf3 Ke8 31. Ke2 Kd7 32. b4 Bg6 33. Ra5 Bf5 34. Rc3 Kd6 35. Rca3 Rh8 36. Rxa7 Rh2+ 37. Ke1 Rxa7 38. Nxa7 Kc7 39. Nc6 Kb6 40. Ne7 Bh3 41. Ra8 Kxb5 42. Rh8 Kxb4 43. Ng6 Rh1+ 44. Kf2 Rh2+ 45. Kg3 Rg2+ 46. Kf4 Rxg6 47. Rxh3 Kc4 48. Rh7 Kd3 49. Re7 f5 50. Ra7 Rh6 51. Ra3+ Ke2 52. Ra2+ Kd3 53. Ra3+ Ke2 1/2-1/2

[Event "Asian-ch Amateur"]
[Site "Isfahan"]
[Date "2016.11.17"]
[Round "8.2"]
[White "Eskandary, Mahmood"]
[Black "Shafaee, H."]
[Result "0-1"]
[WhiteElo "2098"]
[BlackElo "2048"]
[PlyCount "93"]
[EventDate "2016.11.12"]
[EventType "swiss"]
[EventRounds "9"]
[EventCountry "IRI"]
[SourceTitle "EXT 2024"]
[Source "ChessBase"]
[SourceDate "2023.10.10"]
[SourceVersion "1"]
[SourceVersionDate "2023.10.10"]
[SourceQuality "1"]

1. Nf3 Nf6 2. g3 g6 3. Bg2 c6 4. 0-0 Bg7 5. d3 d5 6. Nbd2 0-0 7. Re1 Bf5 8. a4 Re8 9. Nh4 Be6 10. Nb3 Na6 11. c3 Qd7 12. Nf3 h6 13. Ne5 Qc7 14. Bf4 g5 15. e3 gxf4 16. gxf4 Qc8 17. Kh1 Nd7 18. Nf3 Bg4 19. h3 Bh5 20. Qc2 e5 21. fxe5 Nxe5 22. Nxe5 Rxe5 23. f4 Re8 24. e4 dxe4 25. dxe4 Bf3 26. Kh2 Bxg2 27. Qxg2 Kh8 28. Rg1 Rg8 29. Qf3 Qe6 30. Nd2 Rad8 31. Rg2 Nc5 32. Rag1 Nd3 33. Kh1 Qf6 34. Rg4 c5 35. R1g2 Ne1 36. e5 Nxf3 37. exf6 Rxd2 38. fxg7+ Kh7 39. Rxd2 Nxd2 40. f5 Rxg7 41. Rf4 f6 42. h4 h5 43. Kh2 Rg4 44. Rf2 Ne4 45. Rf1 Rxh4+ 46. Kg2 Rg4+ 47. Kh2 0-1

[Event "Tehran Behin Cup 2nd"]
[Site "Tehran"]
[Date "2014.11.22"]
[Round "9"]
[White "Shafaee, H."]
[Black "Malakhatko, Vadim"]
[Result "0-1"]
[WhiteElo "2048"]
[BlackElo "2533"]
[PlyCount "70"]
[EventDate "2014.11.15"]
[EventType "swiss"]
[EventRounds "9"]
[EventCountry "IRI"]
[SourceTitle "CBM 163 Extra"]
[Source "ChessBase"]
[SourceDate "2014.12.23"]
[SourceVersion "1"]
[SourceVersionDate "2014.12.23"]
[SourceQuality "1"]

1. Nf3 Nf6 2. c4 e6 3. g3 d5 4. d4 dxc4 5. Qa4+ Nbd7 6. Bg2 a6 7. Qxc4 b5 8. Qc2 Bb7 9. Nc3 c5 10. 0-0 Rc8 11. dxc5 Bxc5 12. a3 0-0 13. Bf4 Qb6 14. Rad1 Rfd8 15. e4 h6 16. Ne5 Nxe5 17. Rxd8+ Qxd8 18. Bxe5 Ng4 19. Bf4 Bd4 20. Qe2 Ne5 21. Bxe5 Bxe5 22. Rd1 Qb6 23. Rd3 Rc4 24. Bf3 g6 25. Kg2 Kg7 26. Nd1 h5 27. Nc3 b4 28. axb4 Rxb4 29. Rd2 a5 30. Qd1 Rxb2 31. Na4 Rxd2 32. Qxd2 Qb5 33. Qc2 Ba6 34. h4 Qf1+ 35. Kh2 Bd4 0-1

[Event "Tehran Behin Cup 2nd"]
[Site "Tehran"]
[Date "2014.11.21"]
[Round "8"]
[White "Tavakolian, M."]
[Black "Shafaee, H."]
[Result "0-1"]
[WhiteElo "2148"]
[BlackElo "2048"]
[PlyCount "84"]
[EventDate "2014.11.15"]
[EventType "swiss"]
[EventRounds "9"]
[EventCountry "IRI"]
[SourceTitle "CBM 163 Extra"]
[Source "ChessBase"]
[SourceDate "2014.12.23"]
[SourceVersion "1"]
[SourceVersionDate "2014.12.23"]
[SourceQuality "1"]

1. c4 c5 2. Nf3 Nf6 3. d4 cxd4 4. Nxd4 Nc6 5. Nc3 d6 6. e4 g6 7. f3 Nxd4 8. Qxd4 Bg7 9. Be3 0-0 10. Qd2 Be6 11. Be2 Qa5 12. 0-0 Rfc8 13. b3 a6 14. Rac1 b5 15. Nd5 Qxd2 16. Bxd2 Bxd5 17. cxd5 Nd7 18. Be3 Bb2 19. Rcd1 Ba3 20. Bd3 Rc7 21. h4 Rac8 22. h5 Bc5 23. Kf2 Ne5 24. Bb1 a5 25. hxg6 hxg6 26. Bxc5 Rxc5 27. f4 Ng4+ 28. Ke2 Kg7 29. Rh1 Rc3 30. Bd3 a4 31. b4 Ra3 32. Rd2 Rcc3 33. Re1 Nf2 34. Bb1 Ng4 35. Bd3 Nf2 36. Bb1 Ng4 37. Kf1 f6 38. Ke2 Rc4 39. Rb2 Re3+ 40. Kf1 a3 41. Rb3 Rxb3 42. axb3 Rc3 0-1

[Event "Tehran Alborz op 1st"]
[Site "Tehran"]
[Date "2014.03.10"]
[Round "6"]
[White "Khademi, Mohammad Miran"]
[Black "Shafaee, H."]
[Result "0-1"]
[WhiteElo "2281"]
[BlackElo "2072"]
[PlyCount "82"]
[EventDate "2014.03.06"]
[EventType "swiss"]
[EventRounds "11"]
[EventCountry "IRI"]
[SourceTitle "CBM 159 Extra"]
[Source "ChessBase"]
[SourceDate "2014.04.24"]
[SourceVersion "1"]
[SourceVersionDate "2014.04.24"]
[SourceQuality "1"]

1. e4 c5 2. Nc3 Nc6 3. g3 g6 4. d3 Bg7 5. Be3 d6 6. Bg2 Nf6 7. Nge2 0-0 8. h3 Rb8 9. Qd2 b5 10. 0-0 Bd7 11. Bh6 a5 12. Bxg7 Kxg7 13. f4 b4 14. Nd1 a4 15. g4 Qc7 16. Ne3 Nd4 17. Ng3 a3 18. g5 Ng8 19. bxa3 bxa3 20. f5 Rb2 21. f6+ Kh8 22. Rf4 Be6 23. Raf1 Qd8 24. Qc3 exf6 25. gxf6 Rxa2 26. R4f2 Qd7 27. e5 Rc8 28. exd6 Qxd6 29. Ne4 Qe5 30. Nc4 Qh5 31. Re1 Bxh3 32. Ncd6 Rc7 33. Ng3 Qh4 34. Re7 Nxe7 35. Nxf7+ Kg8 36. Qe1 Be6 37. fxe7 Rxe7 38. Qe5 Ra1+ 39. Bf1 Bxf7 40. Qb8+ Kg7 41. Ne4 a2 0-1

[Event "Fajr op 18th"]
[Site "Mashhad"]
[Date "2010.02.24"]
[Round "8"]
[White "Dzhumaev, Marat"]
[Black "Shafaee, H."]
[Result "1-0"]
[WhiteElo "2515"]
[BlackElo "2088"]
[PlyCount "67"]
[EventDate "2010.02.20"]
[EventType "swiss"]
[EventRounds "11"]
[EventCountry "IRI"]
[SourceTitle "CBM 135 Extra"]
[Source "ChessBase"]
[SourceDate "2010.05.04"]
[SourceVersion "1"]
[SourceVersionDate "2010.05.04"]
[SourceQuality "1"]

1. e4 e6 2. Qe2 c5 3. Nf3 b6 4. g3 Bb7 5. Bg2 Nf6 6. Nc3 d6 7. 0-0 Nc6 8. d3 Be7 9. Be3 0-0 10. d4 d5 11. exd5 Nxd5 12. Nxd5 exd5 13. Rad1 Qd7 14. c3 Rad8 15. Qc2 h6 16. Rd2 c4 17. Ne5 Qc7 18. f4 b5 19. a3 a5 20. Qf5 Bf6 21. Qh5 Bc8 22. g4 Bxe5 23. fxe5 Qd7 24. h3 Ne7 25. Bxh6 gxh6 26. Qxh6 Ng6 27. Rf5 Rfe8 28. Rdf2 Re6 29. Rh5 Qe7 30. Qh7+ Kf8 31. Rhf5 Rd7 32. Bxd5 Rxd5 33. Rxf7+ Ke8 34. R2f6 1-0

[Event "Urumia op 2nd"]
[Site "Urumia"]
[Date "2008.08.31"]
[Round "9"]
[White "Shafaee, H."]
[Black "Niknaddaf, Ali"]
[Result "0-1"]
[WhiteElo "2132"]
[BlackElo "2228"]
[PlyCount "106"]
[EventDate "2008.08.26"]
[EventType "swiss"]
[EventRounds "10"]
[EventCountry "IRI"]
[SourceTitle "CBM 126 Extra"]
[Source "ChessBase"]
[SourceDate "2008.11.05"]
[SourceVersion "1"]
[SourceVersionDate "2008.11.05"]
[SourceQuality "1"]

1. e4 c5 2. Nf3 e6 3. d4 cxd4 4. Nxd4 a6 5. c4 Nf6 6. Nc3 d6 7. Be3 Nbd7 8. Be2 b6 9. 0-0 Bb7 10. f3 Rc8 11. Rc1 Be7 12. Qe1 h5 13. Qf2 h4 14. Rfd1 Qc7 15. b3 Qb8 16. Bg5 Ng4 17. fxg4 Bxg5 18. Rc2 Ne5 19. Bf3 Qc7 20. Ndb5 axb5 21. Nxb5 Qc6 22. Rxd6 Qc5 23. Qxc5 bxc5 24. Rb6 Rb8 25. Rxb7 Rxb7 26. Nd6+ Kd7 27. Nxb7 Be3+ 28. Kf1 Ra8 29. b4 cxb4 30. c5 Kc6 31. Nd6 Bxc5 32. Nxf7 Nxf3 33. gxf3 Ra3 34. Ne5+ Kb5 35. Ke2 h3 36. Nd3 Bd4 37. f4 Bg1 38. Rb2 Bxh2 39. Nxb4 Rg3 40. Nd3+ Ka5 41. Rb8 Bg1 42. Rh8 h2 43. Rh5+ Ka4 44. g5 Ka3 45. f5 exf5 46. exf5 Rxg5 47. Rh8 Kxa2 48. Ne1 Rxf5 49. Nf3 g5 50. Nxg5 Rxg5 51. Kf3 Kb3 52. Rh7 Kc3 53. Rh8 Kd2 0-1

[Event "Urumia op 2nd"]
[Site "Urumia"]
[Date "2008.08.27"]
[Round "3"]
[White "Rasulov, Vugar Ural Oglu"]
[Black "Shafaee, H."]
[Result "1-0"]
[WhiteElo "2392"]
[BlackElo "2132"]
[PlyCount "75"]
[EventDate "2008.08.26"]
[EventType "swiss"]
[EventRounds "10"]
[EventCountry "IRI"]
[SourceTitle "CBM 126 Extra"]
[Source "ChessBase"]
[SourceDate "2008.11.05"]
[SourceVersion "1"]
[SourceVersionDate "2008.11.05"]
[SourceQuality "1"]

1. e4 c5 2. Nf3 d6 3. d4 cxd4 4. Nxd4 Nf6 5. Nc3 a6 6. Bg5 e6 7. Qf3 Be7 8. 0-0-0 Qc7 9. Qg3 Nc6 10. f4 Bd7 11. Nxc6 Bxc6 12. e5 dxe5 13. fxe5 Ne4 14. Nxe4 Bxe4 15. Bd3 Bd5 16. Bxe7 Qxe7 17. Qxg7 0-0-0 18. Rhf1 Bxa2 19. Qxf7 Qc5 20. Qf4 Bd5 21. g3 Qa5 22. c4 Bg2 23. Rf2 Bh3 24. Rfd2 Rhf8 25. Bb1 Rde8 26. Qd4 h5 27. Qd7+ Kb8 28. Be4 Qb4 29. Qd6+ Qxd6 30. exd6 Rc8 31. Rc2 a5 32. c5 Bg4 33. Re1 Rcd8 34. Rc3 Rc8 35. Kb1 Rfd8 36. Rec1 Ka7 37. Ra3 b6 38. cxb6+ 1-0